000 00447nam a2200181Ia 4500
001 8463
005 20260306160611.0
008 260306t2013||||xx |||||||||||||| ||spa||
041 _aESP
082 _a371.1
_bB84
100 _aBromberg, Abraham Marcos
_eAUT
245 0 _aFormación profesional docente:
_bnuevos enfoques
260 _c2013
300 _a163 páginas :
_c21 cm.
650 _aGEN
654 _aCED
942 _cLIB
_dJUS
_fJUS
_2ddc
_n
999 _c8463
_d8463